| 000 | 00530nam a2200193Ia 4500 | ||
|---|---|---|---|
| 003 | LK-CoDNM | ||
| 008 | 010623t1923 xxu||||| |||| 00| 1 sin d | ||
| 040 |
_aLK-CoDNM _dLK-CoDNM _eLK-CoDNM |
||
| 041 | _asin | ||
| 080 | _a104 C 8 | ||
| 100 |
_aDe Silva,Palamuni Tegris _eed. |
||
| 245 | _aශ්රීපාද වන්දනා ගාථා | ||
| 246 | _aSri Pada Vandana Gatha | ||
| 260 |
_bSaddamma Prakasa _aAlutgama _c1923 |
||
| 300 | _b10p, 21 cm | ||
| 650 | _aGamananisansaya | ||
| 650 | _aSri Padaya | ||
| 942 | _cBK | ||
| 999 |
_c91948 _d91948 |
||